Top 10 de plus grandes villes de la Moselle - Statistiques

Statistiques générales
  • Ce quiz a été pris 62 fois
  • Le résultat moyen est 6 sur 10
Statistiques - réponses
Hint Réponse % Correct
57000 Metz
98%
57158 Montigny les Metz
98%
57100 Thionville
82%
57600 Forbach
72%
57200 Sarreguemines
67%
57500 Saint-avold
53%
57140 Woippy
42%
57970 Yutz
35%
57700 Hayange
33%
57290 Fameck
25%
Aucun quiz correspondant
Distribution des résultats
% des personnes avec chaque résultat
Percentile par nombre de réponses
Votre historique - résultats
Vous n’avez pas pris ce quiz